Cuarto cuaderno o Libro de Siberia : (Record no. 131176)

MARC details
000 -LEADER
campo de control de longitud fija 00884nam a2200229 i 4500
001 - NÚMERO DE CONTROL
campo de control 131176
003 - IDENTIFICADOR DE NÚMERO DE CONTROL
campo de control ES-MaACL
005 - FECHA Y HORA DE LA ÚLTIMA TRANSACCIÓN
campo de control 20250920063101.0
007 - CAMPO FIJO DE DESCRIPCIÓN FÍSICA--INFORMACIÓN GENERAL
campo de control de longitud fija t|
008 - DATOS DE LONGITUD FIJA--INFORMACIÓN GENERAL
campo de control de longitud fija 160125s2001 sp r ||||1| spa d
020 ## - NÚMERO INTERNACIONAL ESTÁNDAR DEL LIBRO
Número Internacional Estándar del Libro 84-8191-383-9
080 ## - NÚMERO DE LA CLASIFICACIÓN DECIMAL UNIVERSAL
Número de la Clasificación Decimal Universal 821.134.2-14"19"
080 ## - NÚMERO DE LA CLASIFICACIÓN DECIMAL UNIVERSAL
Número de la Clasificación Decimal Universal 929 Mandel'shtam, Osip Émil'evich (0:82)
100 1# - ENTRADA PRINCIPAL--NOMBRE DE PERSONA
Nombre de persona Pérez Leal, Agustín,
Fechas asociadas al nombre 1965-
9 (RLIN) 158572
245 10 - MENCIÓN DEL TÍTULO
Título Cuarto cuaderno o Libro de Siberia :
Resto del título el cual contiene la terrible y pesarosa historia del desdichado poeta Osip Emiliévich Mandelstam muerto en el campo de Vtoráia Riechka en el mes de diciembre de 1938 /
Mención de responsabilidad, etc. Agustín Pérez Leal.
250 ## - MENCION DE EDICION
Mención de edición 1ª ed.
260 ## - PUBLICACIÓN, DISTRIBUCIÓN, ETC.
Lugar de publicación, distribución, etc. Valencia :
Nombre del editor, distribuidor, etc. Pre-Textos,
Fecha de publicación, distribución, etc. 2001.
300 ## - DESCRIPCIÓN FÍSICA
Extensión 58 p. ;
Dimensiones 21 cm.
600 14 - PUNTO DE ACCESO ADICIONAL DE MATERIA--NOMBRE DE PERSONA
Nombre de persona Mandel'shtam, Osip (
Fechas asociadas al nombre 1891-1938)
9 (RLIN) 75952
852 ## - LOCALIZACIÓN
Ubicación ES-MaACL
Número de control de estantería L-30186
Nota libre .- Donat. Miguel A. Velasco
Holdings
Estatus retirado Estado de pérdida Estado de daño No para préstamo Biblioteca de origen Biblioteca actual Ubicación en estantería Fecha de adquisición Fuente de adquisición Total de préstamos Signatura topográfica completa Código de barras Visto por última vez Precio de reemplazo Tipo de ítem Koha
        Biblioteca del Ateneo de Madrid Biblioteca del Ateneo de Madrid Depósito 2 25/01/2016     L-30186 1194631 23/02/2023 23/02/2023 Libro impreso